Представление документа в формате MARC21

Поле Инд. ПП Название Значение
Тип записи a
Библиографический уровень b
001 Контрольный номер RU/IS/BASE/283517944
005 Дата корректировки 20220715140351.5
008 Кодируемые данные 20081225
040 b Код языка каталог. rus
e Правила каталог. PSBO
041 0_ a Код языка текста rus
084 a Индекс другой классификации/Индекс ББК 60.51; 60.028.13
100 1_ a Автор Кудрявцев В. А.
q Полное имя Кудрявцев Владимир Александрович
245 10 a Заглавие Гуманистическая парадигма социологии: классика и постмодерн
504 a Библиография Библиогр. ссылки. - Примеч.
650 a Основная рубрика история социологии
a Основная рубрика социальная философия
a Основная рубрика социология
a Основная рубрика философия
653 a Ключевые слова гуманизм
a Ключевые слова мировоззрение
a Ключевые слова миросознание
a Ключевые слова общественное сознание
a Ключевые слова социологизм
773 t Заглавие источника Вестник Московского университета. Серия 18, Социология и политология
d Дата издания источника 2008
g Прочая информация № 1. - С. 90 - 104
w Контрольный № источника RU/IS/BASE/279889919
901 t Тип документа b